000
00400nam a2200145Ia 4500
008
100122s9999 xx 000 0 und d
082
_b
37228
_a
228
100
_a
मराठे प्रभाकर
245
_a
कोसेरा
260
_b
नीहारा प्रकाशन
_c
1905
300
_a
179
630
_a
कोसेरा
730
_a
कोसेरा
942
_c
BOOK
999
_c
419693
_d
419690